00353nam a2200157Ia 45000010006000000050017000060080041000230410008000640820015000721000026000872450029001132600009001423000028001516500008001796540008001872224720260414150818.0260414t2003||||xx |||||||||||||| ||spa|| aESP a621.3bD92 aDorf, Richard C.eAUT 0aCircuitos eléctricosb c2003 a864 páginas :c25 cm. aTCA aCET